00751nam a22001697a 4500008004100000040000800041100002500049245010700074300002700181336002700208337003300235338002900268505014300297650011000440942001400550999001700564260703s2014 mx aoce|r|||| 001 0 spa d bspa aVEGA MARTINEZ, JAIME aCIVITAS DEL CIVITAS HOMINIS: CIUDAD DE DIOS, CIUDAD DEL HOMBREbLOS ARTIFICES DEL PATRIMONIO QUERETANO a461c28.5 cm x 24.5 cm 2rdacontentatextobtxt 2rdamediaasin mediaciónbn 2rdacarrieravolumen bnc aOBRA QUE EXPLORA LA RELACIÓN ENTRE LA DIMENSIÓN ESPIRITUAL Y LA MATERIAL EN LA CONSTRUCCIÓN DEL PATRIMONIO CULTURAL DE QUERÉTARO.  aGEOGRAFÍA E HISTORIAvHISTORIA GENERAL DE AMÉRICA DEL NORTExMESOAMÉRICA (AMÉRICA MEDIA) MÉXICO 2ddccCOLQ c68748d68748